| 000 | 01313nam a2200325 a 4500 | ||
|---|---|---|---|
| 001 | BRCA_4606 | ||
| 005 | 20190320204731.0 | ||
| 008 | 270910s1986----sp-a######---#000-0#spa-# | ||
| 020 | _a84239448005 (obra completa) | ||
| 041 | _aspa | ||
| 044 | _asp | ||
| 050 | 4 |
_aDP171.5 _b.S54 1986 |
|
| 245 | 1 | 0 |
_aEl siglo del Quijote _b(1580-1680). |
| 260 |
_aMadrid _bEspasa-Calpe _c1986 |
||
| 300 |
_a2 v. _bil. a color _c28 cm |
||
| 440 | 0 |
_aHistoria de España _v26 _911653 |
|
| 504 | _aIncluye referencias bibliográficas e índice | ||
| 505 | 0 | _aContenido: v.1. Religión, filosofía, ciencia / por Melquíades Andrés ... [et al.] ; prólogo por José Cepeda Adán. -- v.2. Las letras. Las artes / por Ramón Menéndez Pidal ... [et al.] | |
| 651 | 4 |
_aEspaña _xCivilización _y1516-1700 _96772 |
|
| 651 | 4 |
_aEspaña _xLa vida intelectual _y1516-1700 _911654 |
|
| 651 | 4 |
_aEspaña _xHistoria _yLa Casa de Austria, 1516-1700 _911655 |
|
| 651 | 4 |
_aEspaña _xHistoria de la Iglesia _911656 |
|
| 700 | 1 |
_aAndrés Martín, Melquíades _911657 |
|
| 700 | 1 |
_aCepeda Adán, José _eProloguista _911658 |
|
| 700 | 1 |
_aMenéndez Pidal, Ramón _d1869-1968 _911659 |
|
| 740 | 0 | _aEl siglo del Quijote--religión, filosofía, ciencia | |
| 740 | 0 | _aEl siglo del Quijote--las letras, las artes | |
| 902 | _aCERV | ||
| 942 |
_2lcc _cB |
||
| 999 |
_c4311 _d4311 |
||